Регионална библиотека "Любен Каравелов" - Русе

Кралят на планината (Запис номер 498732)

MARC детайли
000 -Лидер
Лидер 01240nam a2200337 a 4500
003 - Код на организацията, давaща контролен номер
Код на организацията, даваща контролен номер BLK
005 - Дата и час на последна редакция
Дата и час на последна редакция 20250801110905.0
008 - Елементи от данни с фиксирана дължина
Елементи с фиксирана дължина 220609b bul|||||r ||||||| ||bul||
020 ## - Международен стандартен номер на книга ISBN
ISBN 9789543576067
040 ## - Източник на каталожния запис
Код на библиотеката BLK
041 ## - Код за език
Език Български
Език за КДБФ Български
072 #7 - Код за тематичната категория
Код организация bullib
Код за тематична категория Н83
Текст Чужда художествена литература Н
080 ## - УДК
УДК текст Шведска литература
УДК код 821.113.6
УДК – определител -312.4
УДК – код + определител 821.113.6-312.4
9 (RLIN) 241417
084 ## - Класификационен индекс по друга класификация
Авторски знак Де - Д 30
100 ## - Редна дума - Автор
Автор Де ла Моте, Андерш
R(LIN) 340326
245 10 - Сведения за заглавието
Заглавие Кралят на планината
Подзаглавни данни Роман
Авторска отговорност Андерш де ла Моте; прев. от швед. Ева Кънева.
257 ## - Страна на издаване
Страна на създаване/издаване България
260 ## - Област на издателските данни
Място на издаване София
Име на издателя ЕМАС
Година на издаване 2023
300 ## - Физическа характеристика
Брой страници 540 с.
Размер 20 см
380 ## - Жанр
Жанр Худож. лит.
490 ## - СЕРИИ (Колекции)
Серия Крими
9 (RLIN) 201306
500 ## - Общи забележки
Обща забележка Ориг. загл. : Bortbytaren / Anders de la Motte.
700 ## - Други автори (авторска отговорност)
Друг автор Кънева, Ева Димитрова
Дати, свързани с автора 1985-
9 (RLIN) 379032
852 ## - Местоположение
Сигнатура (форматна) Цб 326223
856 4# - Електронен адрес и достъп
Електронен формат pdf - файл
Инструкция (цена за достъп) 0.00
Права за достъп disable
856 4# - Електронен адрес и достъп
Електронен формат pdf - файл
Инструкция (цена за достъп) 0.00
Права за достъп disable
942 ## - АРТИКУЛИ
Вид на библиотечния документ Книги
Скрит в OPAC Не
Koha issues (borrowed), all copies 97
Периодичен библиозапис Да
944 ## - СЪЗДАВАНЕ И РЕДАКЦИЯ на ЗАПИСА
Служител, извършил регистрацията/редакцията 30542
Дата на регистрацията/редакция Теодора Пейчева-Дянкова
Номер на служител Русанова Ирена
999 ## - СИСТЕМНИ КОНТРОЛНИ НОМЕРА
Koha biblionumber 498732
Koha biblioitemnumber 498732
999 ## - СИСТЕМНИ КОНТРОЛНИ НОМЕРА
Koha biblioitemnumber 498732
Наличности
Код за отписване Код за изгубен артикул Източник на класификационната схема Код за повреда Код за отдаване Артикулен № Име на библиотеката - собственик Име на библиотеката, в която се намира в момента Статус (Текущо местоположение) Дата на вписване в системата Местоположение - отдел Цена в лева Инвентарен номер Систематично азбучна сигнатура Баркод Цена в евро Служебен тип на артикула Коз за рестрикции
  Не е изгубен Universal Decimal Classification Не е повреден заемане за дома 936943 Регионална библиотека "Любен Каравелов" Русе Регионална библиотека "Любен Каравелов" Русе Заемна - подръчен фонд 2023-11-28 Заемна - подръчен фонд 16.80 120000896003 821-31/Д 30 А 120000896003 8.59 Книги  
  Не е изгубен Universal Decimal Classification Не е повреден заемане за дома 936944 Регионална библиотека "Любен Каравелов" Русе Регионална библиотека "Любен Каравелов" Русе Заемна - подръчен фонд 2023-11-28 Заемна - подръчен фонд 16.80 120000896004 821-31/Д 30 А 120000896004 8.59 Книги  
  Не е изгубен Universal Decimal Classification Не е повреден ползва се в читалня 960748 Регионална библиотека "Любен Каравелов" Русе Регионална библиотека "Любен Каравелов" Русе Хранилище 2025-02-11 Хранилище 24.00 120000917868 Цб 326223 120000917868 12.27 Книги само за читалня
Vip Innovations Ltd, Rousse, Bulgaria 2025